Países mais próximos do Kosovo - Statistics

Estatísticas Gerais
  • Esse quiz foi jogado 129 vezes
  • A pontuação média é 18 de 20
Estatísticas das Respostas
km país % Correto
0 Sérvia
98%
114 Grécia
96%
128 Croácia
95%
253 Itália
94%
0 Macedónia do Norte
94%
0 Montenegro
94%
478 Eslovénia
93%
0 Albânia
92%
527 Eslováquia
91%
96 Bósnia e Herzegovina
90%
54 Bulgária
90%
318 Hungria
90%
156 Romênia
90%
525 Áustria
89%
601 Moldávia
83%
389 Turquia
82%
547 Ucrânia
81%
658 Polônia
75%
622 San Marino
71%
628 Vaticano
70%
Nenhum quiz correspondente encontrado
Distribuição das Pontuações
Porcentagem de Pessoas com Cada Pontuação
Percentil de Números Respondidos
Sua Pontuação Histórica
Você não jogou esse quiz